Proceedings of the Conference on differential equations : held at the University of Maryland, March 17, 18 and 19, 1955. Sponsored jointly by The Institute for fluid dynamics and applied mathematics, University of Maryland and The Air Force Office of Scientific Research, Air Research and Development Command /
Guardado en:
| Otros Autores: | , |
|---|---|
| Formato: | Libro |
| Idioma: | English |
| Publicado: |
College Park, Maryland :
University of Maryland Book Store,
1956.
|
| Etiquetas: |
Agregar Etiqueta
Sin Etiquetas, Sea el primero en etiquetar este registro!
|
| LEADER | 00961nam a22001695a 4500 | ||
|---|---|---|---|
| 001 | MAT.inmabb000889 | ||
| 008 | 031119s1956####mdu###########111#0#eng#d | ||
| 005 | 20170807135535.0 | ||
| 245 | 1 | 0 | |a Proceedings of the Conference on differential equations : |b held at the University of Maryland, March 17, 18 and 19, 1955. Sponsored jointly by The Institute for fluid dynamics and applied mathematics, University of Maryland and The Air Force Office of Scientific Research, Air Research and Development Command / |c editors, J.B. Díaz and L.E. Payne. |
| 260 | |a College Park, Maryland : |b University of Maryland Book Store, |c 1956. | ||
| 300 | |a xii, 294 p. : |b retr. ; |c 26 cm. | ||
| 500 | |a El volumen está dedicado a Alexander Weinstein en ocasión de su sexagésimo cumpleaños, e incluye una fotografía suya. | ||
| 700 | 1 | |a Díaz, J. B. | |
| 700 | 1 | |a Payne, L. E. | |
| 700 | 1 | |a Weinstein, Alexander. |4 dte | |
| 084 | |a 00B15 |2 msc2000 | ||
| 859 | |h 00B15 |i P963-1955 |p A-720 |b BIB. MATEMATICA | ||
